000 00786nam a2200241 i 4500
001 133844
003 ES-MaACL
005 20230906194538.0
007 t|
008 070831s1991 fr ||||1| fre d
020 _a2-04-017424-7
080 _a821.133.1-21
100 1 _aGarnier, Robert.
_955616
245 1 0 _aBradamante : tragécomédie
_b; Les juifves : tragédie /
_cRobert Garnier ; introduction, notes, grammarie et lexique par Marcel Hervier.
260 _aParis :
_bBordas,
_c[1991]
300 _a284 p. ;
_c19 cm.
490 1 _aClassiques Garnier
700 1 _aHervier, Marcel.
_963428
740 4 _aLes juifves.
830 0 _aClassiques Garnier
_9184859
852 _aES-MaACL
_jE-12098
_9R.140011
_z. - Biblioteca Jacinto Martínez Lacalle
999 _c133844
_d133844